| 000 | 00604nam a2200205Ia 4500 | ||
|---|---|---|---|
| 003 | IN-BaIIA | ||
| 008 | 211028s9999 xx 000 0 eng d | ||
| 020 | _a0-8165-0828-3 | ||
| 040 | _cIIA Library | ||
| 080 |
_a523.4 _bPLA |
||
| 245 | 0 |
_aPlanetary rings _cedited by Richard Greenberg and Andre Brahic |
|
| 260 |
_aTucson _bUniversity of Arizona Press _c1984 |
||
| 300 | _axi, 784p. | ||
| 650 | _aAstronomy and astrophysics thesaurus | ||
| 650 |
_aPlanetary rings _914355 |
||
| 650 |
_aRings _95153 |
||
| 700 |
_aBrahic, Andre., ed. _914356 |
||
| 700 |
_aGreenberg, Richard., ed. _914357 |
||
| 942 | _cBK | ||
| 999 |
_c8560 _d8560 |
||